Komentujeme novelu Obchodného zákonníka

Novela Obchodného zákonníka vydaná pod číslom 11/1998 Z.z. je najrozsiahlejšou novelizáciou od jeho vydania. Novela sa dotýka viacerých častí OZ, najmä však jeho druhej časti Obchodné spoločnosti a družstvo, v ktorej prináša nemalé zmeny.

Salvato in:
Dettagli Bibliografici
Autore principale: Schultzová, Anna
Altri autori: Schultz, Ivan
Natura: Capitolo di libro
Lingua:slovacco
Soggetti:
Tags: Aggiungi Tag
Nessun Tag, puoi essere il primo ad aggiungerne!!

MARC

LEADER 00000naa a2200000 4500
001 r032299
005 20230929092517.2
041 0 |a slo 
044 |a SK 
245 1 0 |a Komentujeme novelu Obchodného zákonníka  |c Anna Schultzová, Ivan Schultz 
520 |a Novela Obchodného zákonníka vydaná pod číslom 11/1998 Z.z. je najrozsiahlejšou novelizáciou od jeho vydania. Novela sa dotýka viacerých častí OZ, najmä však jeho druhej časti Obchodné spoločnosti a družstvo, v ktorej prináša nemalé zmeny. 
610 2 0 |a zákonník obchodný 
610 2 0 |a novelizácia 
610 2 0 |a komentáre 
610 2 0 |a úpravy právne 
610 2 0 |a spoločnosti obchodné 
100 1 |a Schultzová, Anna 
700 1 |a Schultz, Ivan